<?xml version="1.0" encoding="UTF-8"?>
<record
    xmlns:xsi="http://www.w3.org/2001/XMLSchema-instance"
    xsi:schemaLocation="http://www.loc.gov/MARC21/slim http://www.loc.gov/standards/marcxml/schema/MARC21slim.xsd"
    xmlns="http://www.loc.gov/MARC21/slim">

  <leader>01258nam0a22002891  4500</leader>
  <controlfield tag="001">v19\rc\1718456</controlfield>
  <controlfield tag="005">20260407141519.0</controlfield>
  <datafield tag="035" ind1=" " ind2=" ">
    <subfield code="a">(NLR Aleph) 004816677</subfield>
  </datafield>
  <datafield tag="090" ind1=" " ind2=" ">
    <subfield code="a">4979448</subfield>
    <subfield code="c">4979448</subfield>
  </datafield>
  <datafield tag="100" ind1=" " ind2=" ">
    <subfield code="a">20061002d1900    |||y0rusy50      ca</subfield>
  </datafield>
  <datafield tag="101" ind1="0" ind2=" ">
    <subfield code="a">rus</subfield>
  </datafield>
  <datafield tag="102" ind1=" " ind2=" ">
    <subfield code="a">RU</subfield>
  </datafield>
  <datafield tag="105" ind1=" " ind2=" ">
    <subfield code="a">a   z   |||||</subfield>
  </datafield>
  <datafield tag="200" ind1="1" ind2=" ">
    <subfield code="a">&#x41E;&#x431;&#x44A;&#x44F;&#x441;&#x43D;&#x438;&#x442;&#x435;&#x43B;&#x44C;&#x43D;&#x430;&#x44F; &#x437;&#x430;&#x43F;&#x438;&#x441;&#x43A;&#x430; &#x43A; &#x44D;&#x43A;&#x441;&#x43F;&#x43E;&#x43D;&#x430;&#x442;&#x430;&#x43C;, &#x43F;&#x440;&#x435;&#x434;&#x441;&#x442;&#x430;&#x432;&#x43B;&#x435;&#x43D;&#x43D;&#x44B;&#x43C; &#x420;. &#x420;&#x438;&#x437;&#x43F;&#x43E;&#x43B;&#x43E;&#x436;&#x435;&#x43D;&#x441;&#x43A;&#x438;&#x43C; &#x43D;&#x430; &#x412;&#x441;&#x435;&#x43C;&#x438;&#x440;&#x43D;&#x443;&#x44E; &#x432;&#x44B;&#x441;&#x442;&#x430;&#x432;&#x43A;&#x443; 1900 &#x433;&#x43E;&#x434;&#x430; &#x432; &#x41F;&#x430;&#x440;&#x438;&#x436;&#x435;</subfield>
  </datafield>
  <datafield tag="210" ind1=" " ind2=" ">
    <subfield code="a">&#x41A;&#x430;&#x437;&#x430;&#x43D;&#x44C;</subfield>
    <subfield code="c">&#x442;&#x438;&#x43F;&#x43E;-&#x43B;&#x438;&#x442;. &#x423;&#x43D;-&#x442;&#x430;</subfield>
    <subfield code="d">1900</subfield>
  </datafield>
  <datafield tag="215" ind1=" " ind2=" ">
    <subfield code="a">[2], 26 &#x441;.</subfield>
    <subfield code="c">&#x438;&#x43B;.</subfield>
    <subfield code="d">25</subfield>
  </datafield>
  <datafield tag="532" ind1="1" ind2="0">
    <subfield code="a">&#x41E;&#x431;&#x44A;&#x44F;&#x441;&#x43D;&#x438;&#x442;&#x435;&#x43B;&#x44C;&#x43D;&#x430;&#x44F; &#x437;&#x430;&#x43F;&#x438;&#x441;&#x43A;&#x430; &#x43A; &#x44D;&#x43A;&#x441;&#x43F;&#x43E;&#x43D;&#x430;&#x442;&#x430;&#x43C;, &#x43F;&#x440;&#x435;&#x434;&#x441;&#x442;&#x430;&#x432;&#x43B;&#x435;&#x43D;&#x43D;&#x44B;&#x43C; &#x420;&#x430;&#x444;&#x430;&#x438;&#x43B;&#x43E;&#x43C; &#x420;&#x438;&#x437;&#x43F;&#x43E;&#x43B;&#x43E;&#x436;&#x435;&#x43D;&#x441;&#x43A;&#x438;&#x43C; &#x43D;&#x430; &#x412;&#x441;&#x435;&#x43C;&#x438;&#x440;&#x43D;&#x443;&#x44E; &#x432;&#x44B;&#x441;&#x442;&#x430;&#x432;&#x43A;&#x443; 1900 &#x433;&#x43E;&#x434;&#x430; &#x432; &#x41F;&#x430;&#x440;&#x438;&#x436;&#x435;</subfield>
  </datafield>
  <datafield tag="700" ind1=" " ind2="1">
    <subfield code="a">&#x420;&#x438;&#x437;&#x43F;&#x43E;&#x43B;&#x43E;&#x436;&#x435;&#x43D;&#x441;&#x43A;&#x438;&#x439;</subfield>
    <subfield code="b">&#x420;.&#x412;.</subfield>
    <subfield code="g">&#x420;&#x430;&#x444;&#x430;&#x438;&#x43B; &#x412;&#x430;&#x441;&#x438;&#x43B;&#x44C;&#x435;&#x432;&#x438;&#x447;</subfield>
  </datafield>
  <datafield tag="712" ind1="1" ind2="2">
    <subfield code="a">&#x412;&#x441;&#x435;&#x43C;&#x438;&#x440;&#x43D;&#x430;&#x44F; &#x432;&#x44B;&#x441;&#x442;&#x430;&#x432;&#x43A;&#x430;</subfield>
    <subfield code="f">1900</subfield>
    <subfield code="e">&#x41F;&#x430;&#x440;&#x438;&#x436;</subfield>
    <subfield code="3">RU\NLR\AUTH\8810009368</subfield>
    <subfield code="9">516464</subfield>
  </datafield>
  <datafield tag="801" ind1=" " ind2="0">
    <subfield code="a">RU</subfield>
    <subfield code="b">NLR</subfield>
    <subfield code="g">psbo</subfield>
  </datafield>
  <datafield tag="801" ind1=" " ind2="0">
    <subfield code="a">RU</subfield>
    <subfield code="b">RuMoRGB</subfield>
    <subfield code="2">psbo</subfield>
  </datafield>
  <datafield tag="801" ind1=" " ind2="1">
    <subfield code="a">RU</subfield>
    <subfield code="b">ProSoft-M</subfield>
    <subfield code="2">rusmarc</subfield>
  </datafield>
  <datafield tag="852" ind1=" " ind2=" ">
    <subfield code="a">NLR</subfield>
    <subfield code="j">20.58.3.132</subfield>
  </datafield>
  <datafield tag="899" ind1=" " ind2=" ">
    <subfield code="a">RuMoRGB</subfield>
    <subfield code="j">A 296/227</subfield>
  </datafield>
  <datafield tag="899" ind1=" " ind2=" ">
    <subfield code="a">&#x41D;&#x411; &#x41C;&#x413;&#x423;</subfield>
  </datafield>
  <datafield tag="942" ind1=" " ind2=" ">
    <subfield code="c">BOOK</subfield>
  </datafield>
  <datafield tag="980" ind1=" " ind2=" ">
    <subfield code="a">NB</subfield>
  </datafield>
  <datafield tag="995" ind1=" " ind2=" ">
    <subfield code="5">2013-10-26</subfield>
    <subfield code="b">NLR02</subfield>
    <subfield code="c">NLR02</subfield>
    <subfield code="e">RFS</subfield>
    <subfield code="f">1-4038304</subfield>
    <subfield code="k">20.58.3.132</subfield>
    <subfield code="o">0</subfield>
    <subfield code="r">BOOK</subfield>
    <subfield code="s">20583132_</subfield>
  </datafield>
  <datafield tag="995" ind1=" " ind2=" ">
    <subfield code="5">2013-10-26</subfield>
    <subfield code="b">NLR01</subfield>
    <subfield code="c">NLR01</subfield>
    <subfield code="e">TEMP</subfield>
    <subfield code="f">4816677-30</subfield>
    <subfield code="o">0</subfield>
    <subfield code="r">BOOK</subfield>
  </datafield>
</record>
